JLL UK property index (Record no. 105734)

MARC details
000 -LEADER
fixed length control field 01365cam a2200229 4500
001 - CONTROL NUMBER
control field ##L134572
008 - FIXED-LENGTH DATA ELEMENTS--GENERAL INFORMATION
fixed length control field 060817n2006 000 0 eng u
035 ## - SYSTEM CONTROL NUMBER
System control number (Sirsi) u134572
041 0# - LANGUAGE CODE
Language code of text/sound track or separate title eng
050 04 - LIBRARY OF CONGRESS CALL NUMBER
Classification number 333.33016 $2 18
110 2# - MAIN ENTRY--CORPORATE NAME
Corporate name or jurisdiction name as entry element Jones Lang LaSalle
9 (RLIN) 3755
245 00 - TITLE STATEMENT
Title JLL UK property index
Remainder of title second quarter 2006
260 ## - PUBLICATION, DISTRIBUTION, ETC.
Place of publication, distribution, etc. London
Name of publisher, distributor, etc. JLL
Date of publication, distribution, etc. 2006
490 #0 - SERIES STATEMENT
Series statement Jones Lang LaSalle UK Property Index
520 ## - SUMMARY, ETC.
Summary, etc. All property income yield fell by 15 basis points to 5.5%. Quarterly returns to property accelerated from 3.7% in the first quarter to 5.2% in the second quarter 2006, reflecting an annual return of 20.4%, the strongest annual return achieved since December 2004. Further yield compression is expected during the latter half of 2006. The office and industrial sectors produced the strongest returns, 6.0% and 5.4% respectively. Aside from the retail warehousing sector, which exhibited a 0.6% fall, all other sectors saw positive rental growth as a result of improving occupier dynamics. [Taken from research abstract].
590 ## - LOCAL NOTE (RLIN)
Local note IKA220806
650 24 - SUBJECT ADDED ENTRY--TOPICAL TERM
Topical term or geographic name entry element JLL UK PROPERTY INDEX
651 #4 - SUBJECT ADDED ENTRY--GEOGRAPHIC NAME
Geographic name United Kingdom
Chronological subdivision
690 ## - LOCAL SUBJECT ADDED ENTRY--TOPICAL TERM (OCLC, RLIN)
Topical term or geographic name as entry element PROPERTY-COMMERCIAL PROPERTY-COMMERCIAL PROPERTY MARKET
856 40 - ELECTRONIC LOCATION AND ACCESS
Uniform Resource Identifier <a href="https://www.joneslanglasalle.co.uk/">https://www.joneslanglasalle.co.uk/</a>
Public note View the item free of charge (registration required) at www.joneslanglasalle.co.uk...
942 ## - ADDED ENTRY ELEMENTS (KOHA)
Suppress in OPAC 0
Holdings
Withdrawn status Lost status Source of classification or shelving scheme Damaged status Not for loan Home library Current library Shelving location Date acquired Total Checkouts Full call number Barcode Date last seen Copy number Price effective from Koha item type
    Dewey Decimal Classification     Virtual Virtual Online 17/08/2006   ONLINE PUBLICATION 134572-1001 06/08/2019 1 06/08/2019 Book